000 00245nam a2200109Ia 4500
008 190216s9999||||xx |||||||||||||| ||und||
100 _aFathima Gafoor
245 0 _aOrmayilennum
260 _bFathima Gafoor
650 _aOormakurip
942 _cBK
999 _c26438
_d26438